[Event "K41 Foraars EMT Basis 2 2007"]
[Site "Valby"]
[Date "2007.03.13"]
[Round "1"]
[White "Philipsen, William Horup"]
[Black "Mouritsen, Jan"]
[Result "0-1"]
[WhiteElo "1579"]
[BlackElo "1653"]
[PlyCount "90"]
[EventDate "2007.??.??"]

1. e4 d5 2. exd5 Nf6 3. Bb5+ Bd7 4. Bc4 Bg4 5. Be2 Bxe2 6. Nxe2 Qxd5 7. O-O Nc6
8. Nbc3 Qh5 9. d4 O-O-O 10. Ng3 Qxd1 11. Rxd1 Nxd4 12. Bf4 e6 13. Rd3 Bb4 14.
Bxc7 Kxc7 15. Rxd4 Rxd4 16. Nb5+ Kb8 17. Nxd4 Bc5 18. Nb3 Bb6 19. Rd1 Rc8 20.
c3 Rc4 21. Nd2 Rf4 22. Nf3 h5 23. Ne2 Ra4 24. Ned4 Rxa2 25. Rb1 Ra5 26. h4 Ng4
27. c4 Bc5 28. Kf1 Be7 29. b4 Ra2 30. c5 Rxf2+ 31. Kg1 Bf6 32. b5 Bxd4 33. Nxd4
Rd2 34. Nb3 Rd5 35. Kf1 Ne3+ 36. Kf2 Nd1+ 37. Kg3 Nc3 38. Rf1 f6 39. Rf3 Ne4+
40. Kf4 Nxc5 41. Nxc5 Rxc5 42. Rd3 Rxb5 43. Rd7 g5+ 44. hxg5 fxg5+ 45. Kg3 a5
0-1

[Event "K41 Foraars EMT Basis 2 2007"]
[Site "Valby"]
[Date "2007.03.13"]
[Round "1"]
[White "Hou, Mads"]
[Black "Sorensen, Hans Erik Then"]
[Result "1-0"]
[WhiteElo "1474"]
[BlackElo "1587"]
[PlyCount "107"]
[EventDate "2007.??.??"]

1. e4 c6 2. d4 d5 3. Nd2 dxe4 4. Nxe4 Bf5 5. Ng3 Bg6 6. Nf3 e6 7. Ne5 Ne7 8. h4
h6 9. Nxg6 Nxg6 10. c3 Bd6 11. Ne4 Bc7 12. g3 O-O 13. Qh5 Qd5 14. Qe2 f5 15.
Bg2 Qd8 16. Nc5 Re8 17. Nxb7 Qf6 18. Nc5 Kh8 19. Bg5 Qf7 20. Qh5 Ne5 21. Qxf7
Nxf7 22. Be3 e5 23. O-O-O e4 24. d5 Rd8 25. Ne6 Rd7 26. Nxc7 Rxc7 27. Bf4 Rd7
28. Bxb8 Rxb8 29. dxc6 Rc7 30. Rd7 Rbc8 31. Rhd1 Ne5 32. Rd8+ Kh7 33. Rxc8 Rxc8
34. Rd5 Nd3+ 35. Kb1 Rxc6 36. Rxf5 Re6 37. Bf1 g6 38. Rf7+ Kg8 39. Rxa7 Kf8 40.
Bxd3 exd3 41. Kc1 Ke8 42. Kd2 Re2+ 43. Kxd3 Rxf2 44. g4 Rxb2 45. Ra6 Kf7 46. h5
gxh5 47. gxh5 Kg7 48. a4 Rg2 49. Rg6+ Rxg6 50. hxg6 Kxg6 51. a5 h5 52. a6 h4
53. a7 h3 54. a8=Q 1-0

[Event "K41 Foraars EMT Basis 2 2007"]
[Site "Valby"]
[Date "2007.03.13"]
[Round "1"]
[White "Jorgensen, Orla Eilegaard"]
[Black "Ringsborg, Allan"]
[Result "1/2-1/2"]
[WhiteElo "1511"]
[BlackElo "1551"]
[PlyCount "36"]
[EventDate "2007.??.??"]

1. e4 e5 2. Nc3 Bc5 3. f4 d6 4. Nf3 Bg4 5. h3 Bxf3 6. Qxf3 Nc6 7. Bb5 Nge7 8.
fxe5 dxe5 9. Rf1 O-O 10. Ne2 Kh8 11. c3 a6 12. Bc4 f5 13. d3 fxe4 14. Qxf8+
Qxf8 15. Rxf8+ Rxf8 16. dxe4 b5 17. Bd3 Rf2 18. g3 Rf3 1/2-1/2

[Event "K41 Foraars EMT Basis 2 2007"]
[Site "Valby"]
[Date "2007.03.13"]
[Round "1"]
[White "Nielsen, Soren Skovso"]
[Black "Joensen, Hjalmar"]
[Result "1/2-1/2"]
[WhiteElo "1553"]
[BlackElo "1516"]
[PlyCount "55"]
[EventDate "2007.??.??"]

1. e4 c5 2. d4 cxd4 3. c3 dxc3 4. Nxc3 Nc6 5. Nf3 d6 6. Bc4 e6 7. O-O Be7 8.
Qe2 a6 9. Rd1 Qc7 10. Be3 Nf6 11. Rac1 O-O 12. Bd3 Qa5 13. Bb1 Rd8 14. h3 Bd7
15. Bg5 Rac8 16. Bf4 Be8 17. Be3 h6 18. Nd2 Ne5 19. f4 Ng6 20. e5 dxe5 21. Bxg6
fxg6 22. Nc4 Qb4 23. Nxe5 Bc5 24. Nd3 Bxe3+ 25. Qxe3 Qd4 26. Qxd4 Rxd4 27. g3
Rcd8 28. Ne5 1/2-1/2

[Event "K41 Foraars EMT Basis 2 2007"]
[Site "Valby"]
[Date "2007.03.27"]
[Round "2"]
[White "Ringsborg, Allan"]
[Black "Nielsen, Soren Skovso"]
[Result "1/2-1/2"]
[WhiteElo "1551"]
[BlackElo "1553"]
[PlyCount "67"]
[EventDate "2007.??.??"]

1. b4 c6 2. e3 e6 3. Bb2 d5 4. c4 Nd7 5. Nf3 Ngf6 6. c5 Be7 7. Qc2 Qc7 8. d4
Ne4 9. Nbd2 f5 10. Ne5 Nxd2 11. Qxd2 Nxe5 12. dxe5 O-O 13. Bd3 Bd7 14. Bd4 a5
15. O-O Qd8 16. f4 b6 17. a3 bxc5 18. bxc5 Qe8 19. Rab1 Bc8 20. Rb6 Bd8 21. Rb2
Ba6 22. Rfb1 Bxd3 23. Qxd3 Qg6 24. a4 h5 25. Kh1 h4 26. Qe2 Qh6 27. Qf3 Bc7 28.
Bc3 Qg6 29. Rb7 Rfc8 30. Qe2 Qe8 31. Kg1 Qf8 32. Bd4 Qe8 33. R1b3 Qg6 34. Qf3
1/2-1/2

[Event "K41 Foraars EMT Basis 2 2007"]
[Site "Valby"]
[Date "2007.03.27"]
[Round "2"]
[White "Sorensen, Hans Erik Then"]
[Black "Mouritsen, Jan"]
[Result "0-1"]
[WhiteElo "1587"]
[BlackElo "1653"]
[PlyCount "74"]
[EventDate "2007.??.??"]

1. d4 d5 2. Nf3 Nf6 3. c4 e6 4. Nc3 c6 5. Bg5 Nbd7 6. e3 Be7 7. Qc2 O-O 8. Bd3
dxc4 9. Bxc4 b5 10. Bd3 Bb7 11. O-O h6 12. Bh4 a6 13. Rac1 c5 14. dxc5 Nxc5 15.
Be2 Qb6 16. b4 Ncd7 17. Qb2 Rac8 18. Nd2 Qd6 19. a3 Qb8 20. Bf3 Bd6 21. Bg3 Ne5
22. Bxb7 Qxb7 23. Qb1 Rfd8 24. Nce4 Nxe4 25. Nxe4 Bb8 26. Nc5 Qb6 27. Rfd1 Nc4
28. Nd7 Qb7 29. Nxb8 e5 30. Rxd8+ Rxd8 31. Nc6 Qxc6 32. Bxe5 Qd5 33. Bd4 Rd6
34. Qd3 Rg6 35. g3 Ne5 36. Rc8+ Kh7 37. e4 Qxd4 0-1

[Event "K41 Foraars EMT Basis 2 2007"]
[Site "Valby"]
[Date "2007.03.27"]
[Round "2"]
[White "Joensen, Hjalmar"]
[Black "Philipsen, William Horup"]
[Result "1/2-1/2"]
[WhiteElo "1516"]
[BlackElo "1579"]
[PlyCount "112"]
[EventDate "2007.??.??"]

1. d4 Nf6 2. c4 e5 3. d5 Bc5 4. Nc3 O-O 5. e4 d6 6. Be3 Bxe3 7. fxe3 Ng4 8. Nf3
Nxe3 9. Qd2 Nxf1 10. Rxf1 f5 11. O-O-O f4 12. g3 Bg4 13. Qg2 Qd7 14. Rf2 Qf7
15. Rg1 Qh5 16. gxf4 Rxf4 17. Nd2 Rxf2 18. Qxf2 Nd7 19. Qg2 Nf6 20. Nb5 Qh6 21.
Kc2 Qe3 22. Qg3 Qxd2+ 23. Kxd2 Nxe4+ 24. Kd3 Nxg3 25. Rxg3 Bf5+ 26. Ke3 Bb1 27.
Nc3 Bg6 28. Nb5 a6 29. Nc3 Rf8 30. Rf3 Rxf3+ 31. Kxf3 Kf7 32. Kg4 Kf6 33. Kf3
Kf5 34. Ne4 Bh5+ 35. Ke3 Bd1 36. b4 g5 37. c5 dxc5 38. bxc5 Ba4 39. Nf2 h5 40.
Ne4 Kg4 41. Nf6+ Kh4 42. d6 cxd6 43. cxd6 g4 44. d7 Bxd7 45. Nxd7 Kh3 46. Nxe5
Kxh2 47. Kf4 g3 48. Nf3+ Kg2 49. Ke3 Kf1 50. Nd2+ Ke1 51. Nf3+ Kd1 52. Nd4 b5
53. Kf3 h4 54. Ne6 b4 55. Nd4 Kd2 56. Nc6 Kc3 1/2-1/2

[Event "K41 Foraars EMT Basis 2 2007"]
[Site "Valby"]
[Date "2007.04.17"]
[Round "3"]
[White "Jorgensen, Orla Eilegaard"]
[Black "Sorensen, Hans Erik Then"]
[Result "1/2-1/2"]
[WhiteElo "1511"]
[BlackElo "1587"]
[PlyCount "52"]
[EventDate "2007.??.??"]

1. e4 c5 2. f4 Nc6 3. Nf3 d6 4. Nc3 f5 5. Bc4 fxe4 6. Ng5 Nh6 7. h3 e5 8. O-O
exf4 9. Ngxe4 Bf5 10. Rxf4 Qd7 11. d3 O-O-O 12. a3 Nd4 13. b4 Nf7 14. bxc5 dxc5
15. Rb1 Ne5 16. Bd5 Nec6 17. Be3 Be7 18. a4 g5 19. Rf2 g4 20. Bxc6 Qxc6 21.
Bxd4 cxd4 22. Nb5 Qg6 23. hxg4 Bxg4 24. Nxa7+ Kb8 25. Nc6+ Qxc6 26. Qxg4 Qxa4
1/2-1/2

[Event "K41 Foraars EMT Basis 2 2007"]
[Site "Valby"]
[Date "2007.04.17"]
[Round "3"]
[White "Philipsen, William Horup"]
[Black "Ringsborg, Allan"]
[Result "1-0"]
[WhiteElo "1579"]
[BlackElo "1551"]
[PlyCount "31"]
[EventDate "2007.??.??"]

1. e4 e5 2. Nf3 Nf6 3. d4 Nxe4 4. Bd3 d5 5. Qe2 Bf5 6. Nxe5 Be7 7. Nd2 Nd6 8.
Bxf5 Nxf5 9. Qg4 g6 10. Ndf3 Nd7 11. O-O Nf6 12. Qf4 O-O 13. g4 Ng7 14. Qh6 Qc8
15. Ng5 Nxg4 16. Qxh7# 1-0

[Event "K41 Foraars EMT Basis 2 2007"]
[Site "Valby"]
[Date "2007.04.17"]
[Round "3"]
[White "Mouritsen, Jan"]
[Black "Joensen, Hjalmar"]
[Result "1/2-1/2"]
[WhiteElo "1653"]
[BlackElo "1516"]
[PlyCount "62"]
[EventDate "2007.??.??"]

1. d4 Nf6 2. c4 g6 3. Nc3 Bg7 4. Nf3 O-O 5. g3 d6 6. Bg2 c6 7. O-O Nbd7 8. e4
Rb8 9. Re1 e5 10. h3 Re8 11. Be3 a6 12. Qc2 Qc7 13. b4 b5 14. c5 dxc5 15. dxc5
a5 16. a3 Bb7 17. Red1 Red8 18. Rd2 a4 19. Rad1 Ne8 20. h4 Nf8 21. Bh3 Rxd2 22.
Qxd2 Bc8 23. Bxc8 Qxc8 24. Kg2 f6 25. Bh6 Rb7 26. Bxg7 Kxg7 27. Qd8 Qxd8 28.
Rxd8 Kf7 29. Rd1 Rd7 30. Rxd7+ Nxd7 31. Nd2 Nc7 1/2-1/2

[Event "K41 Foraars EMT Basis 2 2007"]
[Site "Valby"]
[Date "2007.04.24"]
[Round "4"]
[White "Hou, Mads"]
[Black "Philipsen, William Horup"]
[Result "0-1"]
[WhiteElo "1474"]
[BlackElo "1579"]
[PlyCount "38"]
[EventDate "2007.??.??"]

1. e4 Nf6 2. e5 Nd5 3. d4 d6 4. Nf3 Bg4 5. Bc4 e6 6. O-O Nd7 7. h3 Bh5 8. g4
Bg6 9. Nc3 Nb4 10. Bb3 dxe5 11. dxe5 Nc5 12. Qxd8+ Rxd8 13. Bg5 Be7 14. Bxe7
Kxe7 15. Rac1 Nxb3 16. cxb3 Nd3 17. Rcd1 Nxb2 18. Rxd8 Rxd8 19. Rb1 Bxb1 0-1

[Event "K41 Foraars EMT Basis 2 2007"]
[Site "Valby"]
[Date "2007.04.24"]
[Round "4"]
[White "Sorensen, Hans Erik Then"]
[Black "Joensen, Hjalmar"]
[Result "1/2-1/2"]
[WhiteElo "1587"]
[BlackElo "1516"]
[PlyCount "37"]
[EventDate "2007.??.??"]

1. d4 Nf6 2. c4 g6 3. Nc3 Bg7 4. e4 d6 5. Nf3 O-O 6. Be2 Bg4 7. h3 Bxf3 8. Bxf3
e5 9. d5 Nbd7 10. O-O Ne8 11. Qc2 Qh4 12. Bg4 Rd8 13. g3 Qe7 14. Kg2 h5 15. Bf3
Kh7 16. Be3 a6 17. Qe2 Bh6 18. b4 h4 19. Bxh6 1/2-1/2

[Event "K41 Foraars EMT Basis 2 2007"]
[Site "Valby"]
[Date "2007.04.24"]
[Round "4"]
[White "Ringsborg, Allan"]
[Black "Mouritsen, Jan"]
[Result "1/2-1/2"]
[WhiteElo "1551"]
[BlackElo "1653"]
[PlyCount "51"]
[EventDate "2007.??.??"]

1. Nf3 f5 2. c4 Nf6 3. Nc3 e6 4. d4 d5 5. Bf4 c6 6. c5 b6 7. b4 a5 8. a3 Be7 9.
e3 O-O 10. Bd3 Ne4 11. Na4 Nd7 12. Ne5 Nxe5 13. Bxe5 b5 14. Nb6 Ra7 15. O-O Bf6
16. Nxc8 Qxc8 17. Bxf6 Nxf6 18. f3 Qc7 19. Qc2 Rfa8 20. Qb2 g5 21. a4 bxa4 22.
Rxa4 axb4 23. Rxa7 Qxa7 24. Qxb4 Rb8 25. Qc3 Qa4 26. Bc2 1/2-1/2

[Event "K41 Foraars EMT Basis 2 2007"]
[Site "Valby"]
[Date "2007.04.24"]
[Round "4"]
[White "Jorgensen, Orla Eilegaard"]
[Black "Nielsen, Soren Skovso"]
[Result "0-1"]
[WhiteElo "1511"]
[BlackElo "1553"]
[PlyCount "40"]
[EventDate "2007.??.??"]

1. f4 d5 2. Nf3 Nf6 3. b3 e6 4. Bb2 Bd6 5. e3 Nbd7 6. c4 O-O 7. g4 dxc4 8. Bxc4
Qe7 9. g5 Nd5 10. h4 N7b6 11. Bd3 Rd8 12. h5 Nb4 13. Bc2 Nxc2+ 14. Qxc2 Nd5 15.
g6 fxg6 16. hxg6 h6 17. Nc3 Nb4 18. Qe4 Bd7 19. Ne5 Bxe5 20. Qxe5 Nd3+ 0-1

[Event "K41 Foraars EMT Basis 2 2007"]
[Site "Valby"]
[Date "2007.05.01"]
[Round "5"]
[White "Nielsen, Soren Skovso"]
[Black "Sorensen, Hans Erik Then"]
[Result "1-0"]
[WhiteElo "1553"]
[BlackElo "1587"]
[PlyCount "53"]
[EventDate "2007.??.??"]

1. e4 c5 2. Nc3 Nc6 3. f4 d6 4. d3 Nf6 5. Be2 e5 6. Nd5 Nxd5 7. exd5 Nd4 8. c3
Nxe2 9. Qxe2 Qe7 10. fxe5 Qxe5 11. Bf4 Qxe2+ 12. Nxe2 Bg4 13. Ng3 O-O-O 14. O-O
f6 15. a4 g5 16. Bd2 Bg7 17. Nf5 Bxf5 18. Rxf5 h6 19. c4 Rhf8 20. Bc3 Rd7 21.
Re1 Rdf7 22. d4 b6 23. dxc5 bxc5 24. b4 Kd7 25. bxc5 dxc5 26. Re6 Re7 27. Ra6
1-0

[Event "K41 Foraars EMT Basis 2 2007"]
[Site "Valby"]
[Date "2007.05.01"]
[Round "5"]
[White "Joensen, Hjalmar"]
[Black "Ringsborg, Allan"]
[Result "1/2-1/2"]
[WhiteElo "1516"]
[BlackElo "1551"]
[PlyCount "38"]
[EventDate "2007.??.??"]

1. d4 f5 2. c4 Nf6 3. Nc3 e6 4. Nf3 d6 5. Bg5 Be7 6. e3 b6 7. Be2 O-O 8. Qc2
Bb7 9. Nd2 Qd7 10. Bf3 c6 11. O-O d5 12. Bxf6 Rxf6 13. Rac1 Na6 14. Ne2 c5 15.
Nf4 g5 16. Nd3 Bd6 17. cxd5 exd5 18. dxc5 Nxc5 19. Nxc5 Bxc5 1/2-1/2

[Event "K41 Foraars EMT Basis 2 2007"]
[Site "Valby"]
[Date "2007.05.01"]
[Round "5"]
[White "Philipsen, William Horup"]
[Black "Jorgensen, Orla Eilegaard"]
[Result "0-1"]
[WhiteElo "1579"]
[BlackElo "1511"]
[PlyCount "68"]
[EventDate "2007.??.??"]

1. d4 d5 2. c4 e6 3. Nc3 Nf6 4. Nf3 c6 5. Bf4 Bd6 6. Qd2 Bxf4 7. Qxf4 dxc4 8.
e4 b5 9. a4 Qd7 10. Ne5 Qxd4 11. Rd1 Qc5 12. Rd8+ Kxd8 13. Nxf7+ Ke8 14. Qc7
Nbd7 15. Nxh8 b4 16. Nd1 Nxe4 17. Be2 Qd6 18. Qa5 Qd2+ 19. Kf1 c5 20. f3 Nef6
21. Kf2 Qd4+ 22. Ke1 Bb7 23. Rf1 Ke7 24. Qc7 Bd5 25. Qg3 Kf8 26. Rf2 Kg8 27.
Ng6 hxg6 28. Qxg6 c3 29. bxc3 bxc3 30. Bb5 Bc4 31. Bc6 Rd8 32. Qc2 Ne5 33. Be4
Nxe4 34. fxe4 Nd3+ 0-1

[Event "K41 Foraars EMT Basis 2 2007"]
[Site "Valby"]
[Date "2007.05.01"]
[Round "5"]
[White "Mouritsen, Jan"]
[Black "Hou, Mads"]
[Result "1-0"]
[WhiteElo "1653"]
[BlackElo "1474"]
[PlyCount "101"]
[EventDate "2007.??.??"]

1. d4 e6 2. c4 Nf6 3. Nc3 Bb4 4. Qc2 O-O 5. Nf3 c5 6. dxc5 Bxc5 7. e3 Nc6 8. a3
a5 9. Bd3 h6 10. O-O d5 11. Rd1 Qe7 12. b3 dxc4 13. Bxc4 e5 14. Ne4 Nxe4 15.
Qxe4 Kh8 16. Bb2 f5 17. Qd5 Rd8 18. Qf7 Rxd1+ 19. Rxd1 Qxf7 20. Bxf7 e4 21. Ne5
Nxe5 22. Bxe5 Be7 23. Rd5 Ra6 24. h3 a4 25. b4 Rc6 26. Bd4 Bd6 27. g3 Bc7 28.
b5 Rd6 29. Rc5 Rd7 30. Bg6 b6 31. Rxf5 Bd6 32. Bb2 Bxa3 33. Re5 Rd1+ 34. Kg2
Bd7 35. Bxa3 Rd3 36. Bb2 a3 37. Rxe4 axb2 38. Rf4 Bxh3+ 39. Kxh3 Rd8 40. Rd4
Re8 41. Rd2 Kg8 42. Rxb2 Re6 43. Bd3 Kf8 44. Rb4 Rd6 45. Rf4+ Ke7 46. Be4 g5
47. Rf3 Re6 48. Bc6 h5 49. Rf5 Rg6 50. f4 Ke6 51. Rxg5 1-0

[Event "K41 Foraars EMT Basis 2 2007"]
[Site "Valby"]
[Date "2007.05.08"]
[Round "6"]
[White "Jorgensen, Orla Eilegaard"]
[Black "Mouritsen, Jan"]
[Result "0-1"]
[WhiteElo "1511"]
[BlackElo "1653"]
[PlyCount "70"]
[EventDate "2007.??.??"]

1. f4 d5 2. Nf3 Nf6 3. e3 g6 4. b3 Bg7 5. Bb2 O-O 6. c4 e6 7. d3 c5 8. Nbd2 Nc6
9. Ne5 d4 10. Nxc6 bxc6 11. exd4 cxd4 12. Be2 c5 13. O-O Bb7 14. Bc1 Qc7 15.
Bf3 a5 16. Bxb7 Qxb7 17. Nf3 a4 18. bxa4 Qc6 19. Ne5 Qxa4 20. Qd2 Rfb8 21. Bb2
Nd7 22. Nxd7 Qxd7 23. Rfb1 e5 24. fxe5 Bxe5 25. Bc1 Rxb1 26. Rxb1 Qd6 27. g3
Bg7 28. Rb5 Re8 29. Ba3 Re5 30. Rb1 Qe6 31. Kf2 Qh3 32. Kg1 Bh6 33. Qg2 Qe6 34.
Kh1 Re2 35. Qf1 Qc6+ 0-1

[Event "K41 Foraars EMT Basis 2 2007"]
[Site "Valby"]
[Date "2007.05.08"]
[Round "6"]
[White "Hou, Mads"]
[Black "Joensen, Hjalmar"]
[Result "1/2-1/2"]
[WhiteElo "1474"]
[BlackElo "1516"]
[PlyCount "43"]
[EventDate "2007.??.??"]

1. e4 c5 2. b4 b6 3. bxc5 bxc5 4. Nc3 Nc6 5. Rb1 d6 6. Bc4 Nf6 7. d3 e6 8. f4
Be7 9. Nf3 O-O 10. Bb5 Qc7 11. O-O Rb8 12. Bd2 Bd7 13. Bxc6 Bxc6 14. Qe2 Rxb1
15. Rxb1 Rb8 16. Qf1 h6 17. Qe1 Rb6 18. Kf1 Qb7 19. Rxb6 Qxb6 20. f5 Qb2 21.
fxe6 fxe6 22. Qc1 1/2-1/2

[Event "K41 Foraars EMT Basis 2 2007"]
[Site "Valby"]
[Date "2007.05.08"]
[Round "6"]
[White "Sorensen, Hans Erik Then"]
[Black "Ringsborg, Allan"]
[Result "1/2-1/2"]
[WhiteElo "1587"]
[BlackElo "1551"]
[PlyCount "61"]
[EventDate "2007.??.??"]

1. d4 f5 2. c4 Nf6 3. Nc3 e6 4. Nf3 Be7 5. e3 d6 6. b3 c6 7. Qc2 Na6 8. Bd2 Bd7
9. a3 h6 10. Bd3 Qc7 11. b4 Rc8 12. c5 Nb8 13. e4 Nxe4 14. Nxe4 fxe4 15. Bxe4
Bf6 16. Bg6+ Ke7 17. O-O Rcf8 18. Rae1 Kd8 19. Qd3 Kc8 20. Bh5 Bg5 21. Nxg5
hxg5 22. Bg4 dxc5 23. h3 cxd4 24. Qxd4 Qd8 25. Qe5 Qf6 26. Bxg5 Qxe5 27. Rxe5
Na6 28. Be7 Re8 29. Bd6 Nc7 30. Rc1 Kd8 31. a4 1/2-1/2

[Event "K41 Foraars EMT Basis 2 2007"]
[Site "Valby"]
[Date "2007.05.08"]
[Round "6"]
[White "Nielsen, Soren Skovso"]
[Black "Philipsen, William Horup"]
[Result "0-1"]
[WhiteElo "1553"]
[BlackElo "1579"]
[PlyCount "116"]
[EventDate "2007.??.??"]

1. e4 c5 2. Nf3 Nc6 3. d4 cxd4 4. Nxd4 g6 5. Be3 Bg7 6. Nc3 Nf6 7. Nxc6 bxc6 8.
e5 Ng8 9. f4 Rb8 10. Rb1 d6 11. Bxa7 Rb7 12. Bd4 c5 13. Be3 dxe5 14. Bb5+ Bd7
15. Bxd7+ Rxd7 16. Qf3 exf4 17. Bxf4 e5 18. Be3 c4 19. O-O f5 20. Rbd1 Ne7 21.
Rxd7 Qxd7 22. Rd1 e4 23. Rxd7 exf3 24. Rc7 Bxc3 25. bxc3 Kd8 26. Rxc4 fxg2 27.
Bg5 Kd7 28. Rd4+ Ke6 29. Bxe7 Kxe7 30. a4 Rb8 31. Kxg2 Rb2 32. Rd2 Ra2 33. Kf3
Rxa4 34. Rd4 Ra3 35. Rd3 Ke6 36. Ke3 Ra2 37. Rd2 g5 38. Kd3 Ra5 39. c4 f4 40.
Kd4 f3 41. c5 Ra8 42. Ke4 Rf8 43. Ke3 g4 44. Kf2 h5 45. Rd6+ Ke7 46. Rd5 Rd8
47. Rxh5 Rd2+ 48. Kf1 Rxc2 49. Rh4 Rg2 50. Rh6 Kd7 51. Rg6 Kc7 52. Rh6 Rc2 53.
Rg6 Rc4 54. Rg5 Kc6 55. Rf5 Rxc5 56. Rf4 Rc1+ 57. Kf2 Rc2+ 58. Kg3 Rg2+ 0-1

[Event "K41 Foraars EMT Basis 2 2007"]
[Site "Valby"]
[Date "2007.05.15"]
[Round "7"]
[White "Ringsborg, Allan"]
[Black "Hou, Mads"]
[Result "1-0"]
[WhiteElo "1551"]
[BlackElo "1474"]
[PlyCount "43"]
[EventDate "2007.??.??"]

1. b4 e5 2. Bb2 d5 3. Bxe5 Nc6 4. Bb2 Bxb4 5. Bxg7 Nf6 6. Bxh8 Bf5 7. e3 Ne4 8.
c3 Qh4 9. g3 Qh6 10. cxb4 O-O-O 11. Qf3 Bg6 12. Qf4 Qf8 13. Be5 Qxb4 14. Bh3+
f5 15. Bxf5+ Bxf5 16. Qxf5+ Kb8 17. Nf3 Rf8 18. Bxc7+ Kxc7 19. Qxh7+ Kb6 20.
O-O Rxf3 21. Nc3 Ka6 22. Rab1 1-0

[Event "K41 Foraars EMT Basis 2 2007"]
[Site "Valby"]
[Date "2007.05.15"]
[Round "7"]
[White "Joensen, Hjalmar"]
[Black "Jorgensen, Orla Eilegaard"]
[Result "1-0"]
[WhiteElo "1516"]
[BlackElo "1511"]
[PlyCount "109"]
[EventDate "2007.??.??"]

1. d4 d5 2. c4 e6 3. Nc3 Nf6 4. Bg5 Be7 5. Nf3 c6 6. e3 Nbd7 7. Bd3 dxc4 8.
Bxc4 b5 9. Bd3 a5 10. O-O O-O 11. Rc1 Bb7 12. Qe2 Rc8 13. Rfd1 Re8 14. Ne5 Nxe5
15. dxe5 Nd7 16. Bxh7+ Kf8 17. Bxe7+ Qxe7 18. Qh5 Nxe5 19. Qxe5 Qh4 20. Qc5+
Re7 21. Rd7 Ke8 22. Rxe7+ Qxe7 23. Qxe7+ Kxe7 24. Be4 Ba6 25. Bf3 b4 26. Na4
Bb5 27. Nc5 a4 28. Rd1 Bc4 29. b3 axb3 30. axb3 Bd5 31. e4 Kd6 32. exd5 Kxc5
33. dxc6 Rh8 34. c7 Rc8 35. Rd7 Kb6 36. Rxf7 g5 37. h3 Rxc7 38. Rxc7 Kxc7 39.
Be2 Kd6 40. Bc4 e5 41. f3 Ke7 42. Kf2 Kf6 43. g4 Kg6 44. Ke3 Kg7 45. Ke4 Kf6
46. Kd5 Kg6 47. Kxe5 Kg7 48. Kf5 Kh6 49. f4 gxf4 50. Kxf4 Kg7 51. Kg5 Kh7 52.
h4 Kg7 53. Kf5 Kh6 54. Ke5 Kg7 55. Kd5 1-0

[Event "K41 Foraars EMT Basis 2 2007"]
[Site "Valby"]
[Date "2007.05.15"]
[Round "7"]
[White "Mouritsen, Jan"]
[Black "Nielsen, Soren Skovso"]
[Result "0-1"]
[WhiteElo "1653"]
[BlackElo "1553"]
[PlyCount "40"]
[EventDate "2007.??.??"]

1. d4 d5 2. c4 e6 3. Nc3 Be7 4. e4 dxe4 5. Nxe4 Nf6 6. Nxf6+ Bxf6 7. Nf3 O-O 8.
Bd3 Nc6 9. Be3 Qe7 10. h4 e5 11. Bxh7+ Kxh7 12. Ng5+ Kg8 13. Qh5 Bf5 14. Qf3
Nxd4 15. Bxd4 exd4+ 16. Kf1 Qd7 17. Re1 d3 18. Ne4 Bxe4 19. Rxe4 d2 20. Qd1
Rfe8 0-1

[Event "K41 Foraars EMT Basis 2 2007"]
[Site "Valby"]
[Date "2007.05.15"]
[Round "7"]
[White "Philipsen, William Horup"]
[Black "Sorensen, Hans Erik Then"]
[Result "1-0"]
[WhiteElo "1579"]
[BlackElo "1587"]
[PlyCount "67"]
[EventDate "2007.??.??"]

1. Nf3 d5 2. c4 c6 3. cxd5 cxd5 4. g3 Nf6 5. Bg2 e6 6. O-O Be7 7. d3 O-O 8. b3
Nbd7 9. Bb2 Bd6 10. Nbd2 e5 11. e4 Qe7 12. Re1 Bb4 13. exd5 Re8 14. Nxe5 Qd6
15. Ndc4 Qc7 16. Re2 Nxe5 17. Bxe5 Qd8 18. Bxf6 gxf6 19. Rxe8+ Qxe8 20. Qh5 Qf8
21. Ne3 Rb8 22. Rc1 Bd2 23. Be4 Qg7 24. Rxc8+ Rxc8 25. Nf5 Rc1+ 26. Kg2 Qg5 27.
Qf3 Kf8 28. h4 Qg8 29. Nd6 Kg7 30. Nxb7 Qb8 31. d6 Ba5 32. Qf4 Re1 33. Nxa5 Qc8
34. Qf5 1-0